| 000 | 00730nam a2200289Ia 4500 | ||
|---|---|---|---|
| 005 | 20260324140633.0 | ||
| 008 | 008 260324s9999 xx 000 0 eng d | ||
| 020 | _a9780429232084 | ||
| 037 | _aEBOOK | ||
| 040 | _aCRL | ||
| 040 | _beng | ||
| 040 | _cCRL | ||
| 041 | _2eng | ||
| 041 | _aeng | ||
| 084 | _qCRL | ||
| 100 |
_aDennis O. Flynn; A.J.H. Latham; Lionel Frost _91205159 |
||
| 245 | 0 | _aPacific Centuries | |
| 245 | 0 | _bPacific and Pacific Rim Economic History Since the 16th Century | |
| 260 | _bTaylor and Francis | ||
| 260 | _c1998 | ||
| 365 | _a | ||
| 365 | _b325 | ||
| 856 | _uhttp://www.taylorfrancis.com/books/9780429232084 | ||
| 942 | _cEBOOK | ||
| 999 |
_c1807431 _d1807431 |
||